00517nam a2200205 a 4500001001300000003000900013005001700022008004100039020000900080082001500089100002100104245003400125260003600159300000900195500003500204505001000239650001600249650002500265700002100290nice12345678IN_TiNIC20260116013020.0050524s1966 lona grp 000 0 eng  ac4500a953.8bGAU aGaury, Gerald De aFaisalb King of Saudi Arabia aLondonbArthur Barker Ltdc1966 a191p aincludes index and biblioraphy2 aIndex aFaisal-King aSaudi Arabia-History1 aGaury, Gerald De